LIBRARY & INFORMATION CENTRE, KCAET, TAVANUR

ONLINE PUBLIC ACCESS CATALOGUE (OPAC)

Theory of Machines / (Record no. 1321)

MARC details
000 -LEADER
fixed length control field 00365cam a2200157ua 4500
003 - CONTROL NUMBER IDENTIFIER
control field OSt
008 - FIXED-LENGTH DATA ELEMENTS--GENERAL INFORMATION
fixed length control field 250310b |||||||| |||| 00| 0 eng d
041 ## - LANGUAGE CODE
Language code of text/sound track or separate title eng
082 ## - DEWEY DECIMAL CLASSIFICATION NUMBER
Classification number 621.801
Item number BAL/TH
100 ## - MAIN ENTRY--AUTHOR NAME
Personal name Ballaney, P.L .
245 ## - TITLE STATEMENT
Title Theory of Machines /
250 ## - EDITION STATEMENT
Edition statement 14 /
260 ## - PUBLICATION, DISTRIBUTION, ETC. (IMPRINT)
Place of publication :
Name of publisher Khanna publishers ,
Year of publication 1985.
300 ## - PHYSICAL DESCRIPTION
Number of Pages 1310 ; .
942 ## - ADDED ENTRY ELEMENTS (KOHA)
Koha item type Books
Holdings
Withdrawn status Lost status Damaged status Home library Current library Date acquired Full call number Accession Number Koha item type Shelving location
      KAUAET KAUAET 26/03/1986 621.801 BAL/TH 15188 Books  
      KAUAET KAUAET 26/03/1986 621.801 BAL/TH 15183 Books  
    Damaged KAUAET KAUAET 26/03/1986 621.801 BAL/TH 15176 Books Binding Shelf
      KAUAET KAUAET 26/03/1986 621.801 BAL/TH 15195 Books  
Withdrawn     KAUAET KAUAET 26/03/1986 621.801 BAL/TH 15173 Books  
      KAUAET KAUAET 11/02/1986 621.801 BAL/TH 14850 Books  
      KAUAET KAUAET 26/03/1986 621.801 BAL/TH 15180 Books  
      KAUAET KAUAET 26/03/1986 621.801 BAL/TH 15190 Books  
      KAUAET KAUAET 26/03/1986 621.801 BAL/TH 15181 Books Binding Shelf
      KAUAET KAUAET 26/03/1986 621.801 BAL/TH 15175 Books Binding Shelf
      KAUAET KAUAET 26/03/1986 621.801 BAL/TH 15174 Books  
      KAUAET KAUAET 26/03/1986 621.801 BAL/TH 15179 Books  
      KAUAET KAUAET 11/02/1986 621.801 BAL/TH 14851 Books  
      KAUAET KAUAET 26/03/1986 621.801 BAL/TH 15185 Books Binding Shelf
      KAUAET KAUAET 26/03/1986 621.801 BAL/TH 15194 Books  
      KAUAET KAUAET 26/03/1986 621.801 BAL/TH 15177 Books  
      KAUAET KAUAET 26/03/1986 621.801 BAL/TH 15182 Books  
    Damaged KAUAET KAUAET 26/03/1986 621.801 BAL/TH 15187 Books Binding Shelf
      KAUAET KAUAET 26/03/1986 621.801 BAL/TH 15178 Books Binding Shelf
      KAUAET KAUAET 26/03/1986 621.801 BAL/TH 15184 Books  
      KAUAET KAUAET 26/03/1986 621.801 BAL/TH 15193 Books  
      KAUAET KAUAET 26/03/1986 621.801 BAL/TH 15191 Books  
      KAUAET KAUAET 26/03/1986 621.801 BAL/TH 15189 Books  
Withdrawn     KAUAET KAUAET 26/03/1986 621.801 BAL/TH 15186 Books  
      KAUAET KAUAET 26/03/1986 621.801 BAL/TH 15192 Books  
free website counter